Statistics for Name the major WWII military operations

Click here to take the quiz!

General Stats

  • This quiz has been taken 106 times
  • The average score is 6 of 26

Answer Stats

HintAnswer% Correct
22 June 1941 - Axis invasion of the Soviet UnionOperation Barbarossa
90%
6 June 1944 - Allied invasion of German-occupied France (Normandy-landings)Operation Overlord (D-Day)
84%
Planned Sept. 1940 German invasion of the United KingdomOperation Seelöwe (Sea Lion)
62%
17 Sept. 1944 - Allied invasion of German-occupied NetherlandsOperation Market Garden
43%
8 Nov. 1942 - Allied invasion of Vichy French Algeria and MoroccoOperation Torch
39%
23 June 1944 - Soviet invasion of German-occupied Belarus and PolandOperation Bagration
28%
9 July 1943 - Allied invasion of SicilyOperation Husky
28%
10 May 1940 - German invasion of Benelux countries and FranceFall Gelb (Case Yellow)
25%
15 Aug. 1944 - Allied invasion of German-occupied Southern FranceOperation Dragoon
24%
1 Sept. 1939 - German invasion of PolandFall Weiss (Case White)
20%
9 April 1940 - German invasion of Denmark and NorwayOperation Weserübung
19%
Planned Nov. 1945 Allied invasion of Japanese Home IslandsOperation Downfall
18%
19 Nov. 1942 - Soviet encirclement of Axis-held StalingradOperation Uranus
16%
9 Sept. 1940 - Italian invasion of British EgyptOperation E
11%
6 April 1941 - German invasion of GreeceOperation Marita
11%
12 Dec. 1942 - Soviet offensive against Axis-held StalingradOperation Little Saturn
10%
20 May 1941 - German invasion of Crete, GreeceOperation Merkur (Mercury)
10%
4 June 1942 - Japanese attack on Midway AtollOperation MI
10%
16 Dec. 1944 - German counteroffensive in the Ardennes, Belgium (Battle of the Bulge)Operation Wacht am Rhein
10%
7 Dec. 1941 - Japanese attack on Pearl Harbor, HawaiiOperation AI / Operation Z
9%
9 Sept. 1943 - Allied main invasion of mainland ItalyOperation Avalanche
6%
1 April 1945 - Allied invasion of OkinawaOperation Iceberg
5%
22 April 1943 - Allied invasion of Axis-held TunisiaOperation Vulcan (then Strike)
5%
7 Aug. 1942 - Allied invasion of Japanese-occupied Guadalcanal, Solomon IslandsOperation Watchtower
5%
6 April 1941 - Axis invasion of YugoslaviaOperation 25
4%
22 Jan. 1944 - Allied landings in Anzio (Battle of Anzio, Italy)Operation Shingle
4%

Score Distribution

Percentile by Number Answered

Percent of People with Each Score

Your Score History

You have not taken this quiz